00668nam a2200193Ia 4500001000900000003000500009005001700014007000300031008004100034010001100075040001800086100002500104245012600129260008000255300001700335500003600352650002200388700006400410dia_4363CHAP20230119133105.0ta220117s1980 mx f 000 0 spa d a175008 cCHAPamxchpua1 aRetes C., J. Enrique10aResultados de la investigación para el norte de Sinaloa sobre tomate para la industria 1979-1980 /cJ. Enrique Retes C. aMéxico :bINIA, Campo agrícola experimental del Valle del Fuerte,c1980 a35 páginas aS/c (Publicación especial, 1)13aTomatexIndustria1 aInstituto nacional de investigaciones agrícolas. México